Troublemaker - Olly Murs Feat. Flo Rida - All Lyrics - Statistics

General Stats
  • This quiz has been taken 114 times
  • The average score is 348 of 450
Answer Stats
Answer % Correct
You
100%
you
100%
(You
100%
a
98%
Trouble
96%
trouble
96%
your
96%
I
95%
oh)
95%
(Oh-oh)
95%
(Whoa,
95%
do,
93%
me
93%
my
93%
My
93%
the
93%
The
93%
in
92%
You're
89%
you're
89%
You’re
89%
it
88%
so
87%
troublemaker,
87%
troublemaker
87%
Troublemaker
87%
troublemaker)
87%
(Troublemaker,
87%
(Troublemaker)
87%
bad
86%
bad?
86%
bad,
86%
does
84%
good,
84%
good
84%
know
84%
no
84%
Why
84%
why
84%
why)
84%
but
83%
But
83%
can”
83%
can"
83%
feel
83%
hurt
83%
And
82%
and
82%
(And
82%
keep
82%
yeah,
82%
yeah)
82%
yeah
82%
head
81%
as
80%
back
80%
down
80%
got
80%
mind
80%
minute
80%
around
78%
be
78%
fast
78%
from
78%
heart
78%
name
78%
say,
78%
spinnin'
78%
again
77%
brain
77%
sat
77%
stuck
77%
keeps
76%
wanna
76%
giving
75%
had
75%
"run
75%
saying,
75%
to
75%
way
75%
attack
73%
that
73%
then
73%
for
71%
make
70%
middle
70%
pull
70%
"I'm
69%
I'm
69%
I’m
69%
It's
69%
it's
69%
don't
67%
or
67%
that's
66%
if
65%
of
65%
two,
65%
swear
64%
there
64%
There
64%
was
64%
After
63%
comin'
63%
drink
63%
more
63%
'Cause
61%
‘cause
61%
have
61%
eyes
60%
hands
59%
like
59%
yours
58%
must
57%
see
57%
poison
55%
close
54%
hooked
54%
lip
54%
those
54%
fingertips
53%
stand
53%
up
53%
is
52%
bite
51%
corners
51%
every
51%
girl
49%
girl,
49%
time
49%
What
48%
always
47%
done,"
47%
insane
47%
we
47%
can't
46%
I’ll
46%
silhouette
46%
putty
45%
gon'
42%
hell
42%
next
42%
November
42%
summer,
42%
show
41%
damn
40%
damn,
40%
how
40%
same
40%
strength
40%
thing
40%
won't
39%
even
37%
explain
37%
just
37%
remember
37%
forget
36%
love
36%
one
36%
change
35%
day
35%
doing
35%
gone
35%
drama
34%
Maybe
34%
until
34%
you'll
34%
Prada
30%
sick
29%
Thinking
29%
work
29%
(Hurts
27%
Typical
17%
Fit
13%
glove,
13%
No matching quizzes found
Score Distribution
Percent of People with Each Score
Percentile by Number Answered
Your Score History
You have not taken this quiz